000 01094nam a2200253 a 4500
001 000026395
005 20200930030212.0
008 110316s2000 dr ad 001 0 spa d
040 _aDO-SdBNP
_bspa
_cBNPHU
082 _a338.18
_bR426d
110 1 _aRepública Dominicana.
_bOficina Nacional de Planificación.
_bDepartamento de Planificación Económica
_953429
245 1 0 _aDesempeño agropecuario en la década de los noventa :
_bdiagnóstico y tendencias relevantes.
260 _aSanto Domingo :
_bOficina Nacional de Planificación,
_c2000.
300 _a151 p. :
_bil., gráfcs. ;
_c28 cm.
490 1 _aLa Economía Dominicana en el 2000
_v2
504 _aIncluye bibliografía y notas al pie de páginas.
504 _aBibliografía : p. 149-151.
590 _aInventariado,2018/DG
650 4 _aPolítica agricola
_zRepública Dominicana
_99553
650 4 _aDesarrollo agrícola
_zRepública Dominicana
_99591
651 4 _aRepública Dominicana
_xCondiciones Rurales
_99403
830 0 _aLa Economía Dominicana en el 2000
_n2
_953430
910 _aValidado. Control de calidad EMS
999 _c25887
_d25887